[Event "GRE-chT Online Rapid op 1st"]
[Site "Tornelo INT"]
[Date "2021.02.20"]
[Round "2.33"]
[White "Palaiologou, Apostolos"]
[Black "Drivas, Georgios I"]
[Result "1-0"]
[WhiteElo "1406"]
[BlackElo "1077"]
[PlyCount "73"]
[EventDate "2021.02.20"]
[EventType "team-swiss (rapid)"]
[EventRounds "9"]
[EventCountry "GRE"]
[SourceTitle "EXT 2023"]
[Source "ChessBase"]
[SourceDate "2022.10.05"]
[SourceVersion "1"]
[SourceVersionDate "2022.10.05"]
[SourceQuality "1"]

1. e4 c5 2. Nf3 d6 3. d4 cxd4 4. Nxd4 Nf6 5. Nc3 Nc6 6. g3 e6 7. Bg2 Bd7 8. 0-0 Be7 9. Ndb5 Bc8 10. Bf4 e5 11. Bg5 a6 12. Bxf6 gxf6 13. Na3 b5 14. Nd5 Be6 15. c3 Rb8 16. Nc2 a5 17. Nce3 b4 18. Qd2 b3 19. a4 Qd7 20. Rad1 Rd8 21. Nxe7 Qxe7 22. Nd5 Bxd5 23. Qxd5 Qd7 24. Qxb3 h5 25. h4 Qa7 26. Qb5 Kd7 27. Qd5 Ne7 28. Qxf7 Rdf8 29. Bh3+ Kc6 30. Qc4+ Qc5 31. Qa6+ Qb6 32. Rxd6+ Kxd6 33. Qxb6+ Nc6 34. Rd1+ Ke7 35. Qxc6 Rd8 36. Qc7+ Ke8 37. Rxd8# 1-0

[Event "GRE-ch Online Blitz op 1st"]
[Site "Tornelo INT"]
[Date "2021.02.07"]
[Round "2"]
[White "Skiadopoulos, Nikolaos"]
[Black "Palaiologou, Apostolos"]
[Result "1-0"]
[WhiteElo "2036"]
[BlackElo "1406"]
[PlyCount "65"]
[EventDate "2021.02.07"]
[EventType "swiss (blitz)"]
[EventRounds "16"]
[EventCountry "GRE"]
[SourceTitle "EXT 2023"]
[Source "ChessBase"]
[SourceDate "2022.10.05"]
[SourceVersion "1"]
[SourceVersionDate "2022.10.05"]
[SourceQuality "1"]

1. e4 c5 2. d4 e6 3. Nf3 d5 4. e5 Nc6 5. c3 cxd4 6. cxd4 Bb4+ 7. Bd2 Bxd2+ 8. Nbxd2 Nge7 9. Bd3 Qb6 10. Nb3 0-0 11. 0-0 a5 12. Bxh7+ Kh8 13. Bc2 g6 14. Ng5 Kg7 15. Qf3 Nf5 16. g4 Ncxd4 17. Nxd4 Qxd4 18. gxf5 exf5 19. Rad1 Qh4 20. Qg3 Qh5 21. Rxd5 Rh8 22. e6 fxe6 23. Qe5+ Kh6 24. Qxh8+ Kxg5 25. Qxh5+ gxh5 26. Rd8 b5 27. f4+ Kg4 28. Kf2 h4 29. h3+ Kxh3 30. Rg1 b4 31. Bd1 Ra7 32. Bf3 Rc7 33. Rh1# 1-0

[Event "GRE-ch Online Rapid op 1st"]
[Site "Tornelo INT"]
[Date "2021.02.06"]
[Round "6"]
[White "Lentzos, Ioanis"]
[Black "Palaiologou, Apostolos"]
[Result "1-0"]
[WhiteElo "1825"]
[BlackElo "1320"]
[PlyCount "57"]
[EventDate "2021.02.06"]
[EventType "swiss (rapid)"]
[EventRounds "8"]
[EventCountry "GRE"]
[SourceTitle "EXT 2023"]
[Source "ChessBase"]
[SourceDate "2022.10.05"]
[SourceVersion "1"]
[SourceVersionDate "2022.10.05"]
[SourceQuality "1"]

1. e4 c5 2. Nf3 d6 3. Bb5+ Bd7 4. Bxd7+ Qxd7 5. 0-0 Nc6 6. Qe2 Nf6 7. Rd1 g6 8. c3 Bg7 9. d4 cxd4 10. cxd4 Qc7 11. Nc3 a6 12. e5 dxe5 13. dxe5 Nd7 14. Nd5 Qa5 15. e6 fxe6 16. Nf4 Nde5 17. Nxe6 Nxf3+ 18. Qxf3 Bf6 19. Bd2 Qe5 20. Re1 Qd6 21. Bf4 Ne5 22. Qb3 Rc8 23. Rad1 Qc6 24. Bxe5 Bxe5 25. Rxe5 b5 26. Rc5 Qxe6 27. Qxe6 Rxc5 28. Re1 Rc7 29. Qe5 1-0

[Event "Balkan-ch U10"]
[Site "Tornelo INT"]
[Date "2020.10.31"]
[Round "3"]
[White "Gkavardinas, Antonios"]
[Black "Palaiologou, Apostolos"]
[Result "1-0"]
[WhiteElo "1211"]
[BlackElo "1320"]
[PlyCount "73"]
[EventDate "2020.10.31"]
[EventType "swiss"]
[EventRounds "7"]
[EventCountry "NET"]
[SourceTitle "EXT 2023"]
[Source "ChessBase"]
[SourceDate "2022.10.05"]
[SourceVersion "1"]
[SourceVersionDate "2022.10.05"]
[SourceQuality "1"]

1. e4 c5 2. Nf3 d6 3. d4 cxd4 4. Nxd4 Nf6 5. Nc3 a6 6. f3 Qb6 7. Nb3 e6 8. Qe2 Nc6 9. Be3 Qc7 10. 0-0-0 b5 11. g4 Bb7 12. h4 Nd7 13. Qf2 Be7 14. g5 Nce5 15. Kb1 Rc8 16. a3 Nc5 17. h5 Nxb3 18. cxb3 f6 19. Bh3 f5 20. f4 Nd7 21. Rhe1 0-0 22. exf5 exf5 23. Bd4 Nc5 24. b4 Ne4 25. Nxe4 Bxe4+ 26. Rxe4 fxe4 27. Be6+ Kh8 28. h6 Bf6 29. gxf6 gxf6 30. Bxc8 Qxc8 31. Rg1 Qf5 32. Qg3 Qg6 33. Qh3 Qf7 34. Qf5 Qe7 35. Rg7 Qxg7 36. hxg7+ Kxg7 37. Qxe4 1-0